Telegrafía militar / (Record no. 28306)

MARC details
000 -LEADER
campo de control de longitud fija 00984nam a2200253 i 4500
001 - NÚMERO DE CONTROL
campo de control 28306
003 - IDENTIFICADOR DE NÚMERO DE CONTROL
campo de control ES-MaACL
005 - FECHA Y HORA DE LA ÚLTIMA TRANSACCIÓN
campo de control 20230906153826.0
007 - CAMPO FIJO DE DESCRIPCIÓN FÍSICA--INFORMACIÓN GENERAL
campo de control de longitud fija t|
008 - DATOS DE LONGITUD FIJA--INFORMACIÓN GENERAL
campo de control de longitud fija 030117s1897 sp a 00110 spa d
080 ## - NÚMERO DE LA CLASIFICACIÓN DECIMAL UNIVERSAL
Número de la Clasificación Decimal Universal 621.394
100 1# - ENTRADA PRINCIPAL--NOMBRE DE PERSONA
Nombre de persona Banús y Comas, Carlos.
9 (RLIN) 25220
245 10 - MENCIÓN DEL TÍTULO
Título Telegrafía militar /
Mención de responsabilidad, etc. por el teniente coronel de ingenieros Don Carlos Banús y Comas.
250 ## - MENCION DE EDICION
Mención de edición 2ª ed.
260 ## - PUBLICACIÓN, DISTRIBUCIÓN, ETC.
Lugar de publicación, distribución, etc. Barcelona :
Nombre del editor, distribuidor, etc. Redacción y Administración de la Revista Científico-Militar y Biblioteca Militar,
Fecha de publicación, distribución, etc. 1897 (
Fabricante Imp. "La Ilustración", a cargo de F. Giró)
300 ## - DESCRIPCIÓN FÍSICA
Extensión 29 p. :
Otras características físicas il. ;
Dimensiones 24 cm.
490 1# - MENCIÓN DE SERIE
Mención de serie Publicaciones de la Revista científico-militar
530 ## - NOTA DISPONIBLE DE FORMULARIO FÍSICO ADICIONAL
Nota de formato físico adicional disponible Disponible en formato digital.
650 #4 - PUNTO DE ACCESO ADICIONAL DE MATERIA--TÉRMINO DE MATERIA
Término de materia o nombre geográfico como elemento de entrada Telégrafo.
9 (RLIN) 17430
830 1# - PUNTO DE ACCESO ADICIONAL DE SERIE-TÍTULO UNIFORME
Título uniforme Publicaciones de la Revista científico-militar
9 (RLIN) 181177
852 4# - LOCALIZACIÓN
Ubicación ES-MaACL
Número de control de estantería G-9351
856 4# - LOCALIZACIÓN Y ACCESO ELECTRÓNICOS
Identificador Uniforme de Recursos <a href="http://bdh-rd.bne.es/viewer.vm?id=0000187464&page=1 ">http://bdh-rd.bne.es/viewer.vm?id=0000187464&page=1 </a>
Nota pública Biblioteca Digital Hispánica
Holdings
Estatus retirado Estado de pérdida Estado de daño No para préstamo Colección Biblioteca de origen Biblioteca actual Ubicación en estantería Fecha de adquisición Fuente de adquisición Total de préstamos Signatura topográfica completa Código de barras Visto por última vez Precio de reemplazo Tipo de ítem Koha
        Colección digital Biblioteca del Ateneo de Madrid Biblioteca del Ateneo de Madrid Sala Pecera Planta 3 17/01/2008     G-9351 1029220 23/02/2023 23/02/2023 Libro impreso antiguo